[Event "South Normanton 4NCL op-B 23rd"]
[Site "South Normanton"]
[Date "2019.10.06"]
[Round "5"]
[White "Shore, James R"]
[Black "Saurav, Sunny"]
[Result "0-1"]
[WhiteElo "1651"]
[BlackElo "1362"]
[PlyCount "186"]
[EventDate "2019.10.04"]
[EventType "swiss"]
[EventRounds "5"]
[EventCountry "ENG"]
[SourceTitle "CBM 193 Extra"]
[Source "ChessBase"]
[SourceDate "2020.01.31"]
[SourceVersion "1"]
[SourceVersionDate "2020.01.31"]
[SourceQuality "1"]

1. g4 d5 2. Bg2 e5 3. c4 c6 4. cxd5 cxd5 5. Qb3 Ne7 6. Nc3 e4 7. d3 Be6 8. Qxb7 Nbc6 9. Bf4 Na5 10. Qc7 Qxc7 11. Bxc7 Nac6 12. dxe4 dxe4 13. Bxe4 Rc8 14. Nb5 Nd5 15. Bg3 Bb4+ 16. Kf1 0-0 17. a3 a6 18. Nd6 Bxd6 19. Bxd6 Rfd8 20. Bg3 Bxg4 21. h3 Bh5 22. Bf5 Ra8 23. Kg2 Nf6 24. Nf3 Bxf3+ 25. exf3 Rd2 26. Rac1 Nd4 27. Rc8+ Rxc8 28. Bxc8 a5 29. Be5 Nc2 30. Bc3 Rd8 31. Rc1 Rxc8 32. Rxc2 Nh5 33. Rd2 h6 34. Bxa5 Nf4+ 35. Kg3 Nh5+ 36. Kh2 Rc5 37. Bc3 Rf5 38. Rd4 Rxf3 39. Kg2 Rf5 40. Bd2 Nf6 41. b4 Kf8 42. a4 Ke8 43. a5 Rb5 44. Kf3 Nd5 45. Ke4 f5+ 46. Kd3 g5 47. Kc4 Nc7 48. Rd6 Re5 49. Rxh6 f4 50. Bc3 Re2 51. Bd4 Ne6 52. a6 Re4 53. Rxe6+ Rxe6 54. a7 Ra6 55. b5 Ra4+ 56. Kc5 Rxa7 57. Kc6 Ra4 58. Bf6 Ra2 59. b6 Rxf2 60. Bxg5 Rc2+ 61. Kd5 f3 62. b7 Rb2 63. Be3 Rxb7 64. Ke4 Rf7 65. Bf2 Kf8 66. h4 Kg7 67. Ke3 Kg6 68. Bg3 Kh5 69. Kf2 Kg4 70. Be5 Kxh4 71. Kf1 Kg4 72. Kf2 Ra7 73. Kf1 Ra2 74. Bf6 Rc2 75. Be5 Kh3 76. Bf4 Rg2 77. Be5 Rc2 78. Bf4 Kg4 79. Be5 Kf5 80. Bg3 Ke4 81. Bh4 Rc1+ 82. Kf2 Rh1 83. Bg5 Rh2+ 84. Kf1 Kd3 85. Bf4 Rh1+ 86. Kf2 Ke4 87. Bg3 Rh3 88. Bd6 Rh6 89. Bg3 Rg6 90. Bc7 Rg2+ 91. Kf1 Rc2 92. Bb8 f2 93. Ba7 Kf3 0-1

[Event "Douglas IoM Major op"]
[Site "Douglas"]
[Date "2016.10.05"]
[Round "3"]
[White "Shore, James R"]
[Black "Kent, Paul"]
[Result "0-1"]
[WhiteElo "1672"]
[BlackElo "1595"]
[PlyCount "86"]
[EventDate "2016.10.03"]
[EventType "swiss"]
[EventRounds "7"]
[EventCountry "IOM"]
[SourceTitle "EXT 2019"]
[Source "ChessBase"]
[SourceDate "2018.10.10"]
[SourceVersion "1"]
[SourceVersionDate "2018.10.10"]
[SourceQuality "1"]

1. g4 d5 2. Bg2 e5 3. h3 h5 4. gxh5 Rxh5 5. d3 Nf6 6. Nc3 c6 7. e4 Be6 8. Nge2 d4 9. Nb1 Qa5+ 10. Bd2 Qb6 11. Qc1 Bb4 12. Bxb4 Qxb4+ 13. c3 Qa5 14. b4 Qa6 15. c4 Nbd7 16. Ng3 b5 17. Nxh5 Nxh5 18. c5 Nf4 19. Bf1 Qa4 20. Qb2 a5 21. bxa5 Nxc5 22. Qa3 Qc2 23. Nd2 b4 24. Rc1 Ncxd3+ 25. Bxd3 Nxd3+ 26. Ke2 Nf4+ 27. Ke1 Qxc1+ 28. Qxc1 Nd3+ 29. Ke2 Nxc1+ 30. Rxc1 Kd7 31. Nb3 Bxb3 32. axb3 Rxa5 33. Kd3 Kd6 34. f4 f6 35. Rg1 Rc5 36. fxe5+ fxe5 37. Rg6+ Kc7 38. Rxg7+ Kb6 39. h4 Rc3+ 40. Kd2 Rxb3 41. Rg5 Rc3 42. Kd1 b3 43. Rg2 Rh3 0-1

[Event "London Weekend U1800 7th"]
[Site "London"]
[Date "2015.12.04"]
[Round "1.26"]
[White "Shore, James R"]
[Black "Opedal, Jan Petter"]
[Result "1-0"]
[WhiteElo "1634"]
[BlackElo "1680"]
[PlyCount "117"]
[EventDate "2015.12.04"]
[EventType "swiss"]
[EventRounds "5"]
[EventCountry "ENG"]
[SourceTitle "EXT 2023"]
[Source "ChessBase"]
[SourceDate "2022.10.05"]
[SourceVersion "1"]
[SourceVersionDate "2022.10.05"]
[SourceQuality "1"]

1. d4 d5 2. Bf4 Nf6 3. h3 Nc6 4. Nf3 g6 5. Nc3 Bg7 6. Nb5 0-0 7. Nxc7 Rb8 8. Nb5 Ra8 9. Bc7 Qd7 10. Bf4 a6 11. Nc3 b5 12. e3 Qd8 13. Bd3 Nb4 14. 0-0 Nxd3 15. cxd3 Bd7 16. Re1 b4 17. Ne2 Rc8 18. Ng3 Bb5 19. e4 e6 20. e5 Nd7 21. Qb3 a5 22. a3 Qe7 23. Bg5 f6 24. exf6 Nxf6 25. axb4 a4 26. Qa3 Rc2 27. Rac1 Rfc8 28. Rxc2 Rxc2 29. Bd2 h6 30. Re3 Nd7 31. Bc3 Rc1+ 32. Kh2 Qd6 33. Ne5 Nxe5 34. dxe5 Qf8 35. Rf3 Qb8 36. d4 Qd8 37. b3 Qg5 38. bxa4 Bc4 39. a5 Rc2 40. Qa4 Ra2 41. Qe8+ Kh7 42. Qxe6 h5 43. Qf7 h4 44. Nh1 Bf1 45. g4 hxg3+ 46. Rxg3 Qh5 47. e6 Bb5 48. e7 Re2 49. Re3 Rxe3 50. fxe3 Bd7 51. Qf1 Qg5 52. Bd2 Qxe7 53. b5 Qd6+ 54. Ng3 Qb8 55. b6 Bf8 56. Qf7+ Kh8 57. Qxd7 Bd6 58. Qg4 Kg7 59. Kg2 1-0

[Event "London Golders Green op U1900 5th"]
[Site "London"]
[Date "2015.01.17"]
[Round "1"]
[White "Shore, James R"]
[Black "Espinosa Cancino, Monica"]
[Result "1-0"]
[WhiteElo "1662"]
[BlackElo "1470"]
[PlyCount "151"]
[EventDate "2015.01.17"]
[EventType "swiss"]
[EventRounds "5"]
[EventCountry "ENG"]
[SourceTitle "EXT 2018"]
[Source "ChessBase"]
[SourceDate "2017.10.13"]
[SourceVersion "1"]
[SourceVersionDate "2017.10.13"]
[SourceQuality "1"]

1. e4 c5 2. f4 d6 3. Bb5+ Bd7 4. Bxd7+ Qxd7 5. Nf3 Nc6 6. c4 g6 7. Nc3 Bg7 8. d3 Nf6 9. 0-0 0-0 10. a3 Nh5 11. Qe1 Kh8 12. Rb1 f5 13. Nh4 e6 14. Bd2 Rae8 15. Ne2 Qd8 16. Nf3 Qf6 17. Qh4 Qxh4 18. Nxh4 Bd4+ 19. Kh1 Nf6 20. Nxd4 Nxd4 21. e5 dxe5 22. fxe5 Nd7 23. Bf4 Kg7 24. b4 h6 25. bxc5 Nxc5 26. Be3 Rd8 27. Nf3 Ncb3 28. Nxd4 Nxd4 29. Rxb7+ Rf7 30. Bxh6+ Kg8 31. Rfb1 Rh7 32. Bg5 Re8 33. Rxh7 Kxh7 34. Rb7+ Kg8 35. Rxa7 Nc6 36. Rc7 Nxe5 37. d4 Nf7 38. Bf6 Ra8 39. h3 Rxa3 40. Rc8+ Kh7 41. Rc7 Kg8 42. c5 Ra8 43. c6 Kf8 44. Rb7 Rc8 45. c7 Nd6 46. Rb8 Kf7 47. Be5 Rxc7 48. Bxd6 Rd7 49. Be5 Ra7 50. Rc8 Rd7 51. Rc7 Rxc7 52. Bxc7 g5 53. g3 Ke7 54. Kg2 Kd7 55. Be5 Ke7 56. Kf3 Kf7 57. h4 gxh4 58. gxh4 Kg6 59. Kf4 Kh5 60. Bf6 Kg6 61. Bg5 Kf7 62. Ke5 Kg6 63. Kxe6 Kh5 64. d5 Kg4 65. d6 f4 66. Bxf4 Kxf4 67. d7 Kg4 68. d8Q Kf3 69. h5 Kg4 70. h6 Kf3 71. h7 Ke3 72. h8Q Kf3 73. Qd3+ Kg4 74. Qf5+ Kg3 75. Qg7+ Kh4 76. Qfh7# 1-0

[Event "BCF-ch Major op"]
[Site "Aberystwyth"]
[Date "2014.07.28"]
[Round "7"]
[White "Shore, James R"]
[Black "Snook Lumb, Chris"]
[Result "1-0"]
[WhiteElo "1697"]
[BlackElo "1569"]
[PlyCount "61"]
[EventDate "2014.07.21"]
[EventType "swiss"]
[EventRounds "11"]
[EventCountry "WLS"]
[SourceTitle "EXT 2017"]
[Source "ChessBase"]
[SourceDate "2016.10.25"]
[SourceVersion "1"]
[SourceVersionDate "2016.10.25"]
[SourceQuality "1"]

1. c4 f5 2. d4 Nf6 3. g3 e6 4. Bg2 d5 5. Nf3 c6 6. b3 b6 7. 0-0 Bd6 8. Nc3 0-0 9. Bg5 Ba6 10. Ne5 Bb4 11. Rc1 Bb7 12. cxd5 exd5 13. Qd3 g6 14. h4 Qe8 15. Bh6 Ba6 16. Qe3 Bxc3 17. Rxc3 Rf7 18. Nxf7 Qxf7 19. Qc1 Bxe2 20. Re1 Ba6 21. Rce3 Ne4 22. Bxe4 dxe4 23. f3 Qd5 24. fxe4 fxe4 25. Rxe4 Nd7 26. Re8+ Rxe8 27. Rxe8+ Kf7 28. Qe3 Qd6 29. Bf4 Qf6 30. Bg5 Qf1+ 31. Kh2 1-0

[Event "BCF-ch Major op"]
[Site "Aberystwyth"]
[Date "2014.07.23"]
[Round "3"]
[White "Whitehead, Mark A"]
[Black "Shore, James R"]
[Result "1-0"]
[WhiteElo "2015"]
[BlackElo "1697"]
[PlyCount "91"]
[EventDate "2014.07.21"]
[EventType "swiss"]
[EventRounds "11"]
[EventCountry "WLS"]
[SourceTitle "EXT 2017"]
[Source "ChessBase"]
[SourceDate "2016.10.25"]
[SourceVersion "1"]
[SourceVersionDate "2016.10.25"]
[SourceQuality "1"]

1. e4 e6 2. Qe2 c5 3. g3 Nc6 4. c3 e5 5. Bg2 Nf6 6. d3 d6 7. Nh3 Be7 8. 0-0 Be6 9. Na3 h6 10. f4 Bg4 11. Qe3 h5 12. Ng5 Bd7 13. h3 Rf8 14. Nc2 Qb6 15. Rb1 Be6 16. Nxe6 fxe6 17. b4 0-0-0 18. Bd2 exf4 19. gxf4 Nd7 20. bxc5 Qxc5 21. d4 Qa5 22. Rfc1 e5 23. f5 Qc7 24. Nb4 Nf6 25. d5 Nb8 26. Qxa7 Qc5+ 27. Be3 Qxa7 28. Bxa7 Rd7 29. Be3 g6 30. fxg6 Rg8 31. c4 Rxg6 32. Kh1 Bf8 33. c5 dxc5 34. Bxc5 Bxc5 35. Rxc5+ Rc7 36. Nd3 Nfd7 37. Rxc7+ Kxc7 38. Rf1 h4 39. Rf5 Ra6 40. Nxe5 Nxe5 41. Rxe5 Rxa2 42. Rh5 Nd7 43. e5 b5 44. d6+ Kb6 45. e6 Nf6 46. Rf5 1-0

[Event "BCF-ch Major op"]
[Site "Aberystwyth"]
[Date "2014.07.22"]
[Round "2"]
[White "Shore, James R"]
[Black "Taylor, William J"]
[Result "1/2-1/2"]
[WhiteElo "1697"]
[BlackElo "2007"]
[PlyCount "41"]
[EventDate "2014.07.21"]
[EventType "swiss"]
[EventRounds "11"]
[EventCountry "WLS"]
[SourceTitle "EXT 2017"]
[Source "ChessBase"]
[SourceDate "2016.10.25"]
[SourceVersion "1"]
[SourceVersionDate "2016.10.25"]
[SourceQuality "1"]

1. e4 e5 2. Nf3 Nc6 3. c3 d5 4. Bb5 dxe4 5. Nxe5 Qg5 6. d4 Qxg2 7. Rf1 Bh3 8. Nxc6 Bd7 9. Nxa7 c6 10. Nxc6 bxc6 11. Be2 Bd6 12. Be3 Qxh2 13. Nd2 Nf6 14. Qc2 Bf4 15. Nxe4 Nd5 16. Bxf4 Qxf4 17. Nc5 Bf5 18. Qd2 0-0 19. Qxf4 Nxf4 20. Kd2 Nxe2 21. Kxe2 1/2-1/2

[Event "Sunningdale e2e4 U1800 op 04"]
[Site "Sunningdale"]
[Date "2014.04.19"]
[Round "4"]
[White "McLaren, Thomas"]
[Black "Shore, James R"]
[Result "1/2-1/2"]
[WhiteElo "1417"]
[BlackElo "1680"]
[PlyCount "89"]
[EventDate "2014.04.17"]
[EventType "swiss"]
[EventRounds "7"]
[EventCountry "ENG"]
[SourceTitle "EXT 2015"]
[Source "ChessBase"]
[SourceDate "2014.11.20"]
[SourceVersion "1"]
[SourceVersionDate "2014.11.20"]
[SourceQuality "1"]

1. Nf3 d5 2. g3 c5 3. Bg2 Nc6 4. 0-0 e5 5. d3 Bg4 6. h3 Be6 7. Nbd2 Qd7 8. Ng5 0-0-0 9. Nxe6 fxe6 10. e4 d4 11. a4 Bd6 12. Nc4 Bc7 13. Bd2 a5 14. b3 Nge7 15. Bg5 h6 16. Bxe7 Qxe7 17. Nd2 g5 18. Bf3 Rhf8 19. Kg2 Rf6 20. Rh1 Rdf8 21. Qe2 Nb4 22. Rhc1 Qf7 23. g4 Nc6 24. Kg3 Rg6 25. Bh1 Rf6 26. f3 Ne7 27. Rf1 Ng6 28. Bg2 Nf4 29. Qd1 Nd5 30. exd5 e4+ 31. Kf2 e3+ 32. Kg1 exd2 33. d6 Bxd6 34. Qxd2 b6 35. Qe2 Bf4 36. Qe4 Be3+ 37. Kh1 Qc7 38. f4 gxf4 39. Bf3 e5 40. Kg2 R8f7 41. Qa8+ Kd7 42. Qd5+ Ke7 43. h4 Rg7 44. h5 Qd7 45. Kh3 1/2-1/2

[Event "Sunningdale e2e4 U1800 op 04"]
[Site "Sunningdale"]
[Date "2014.04.18"]
[Round "3"]
[White "Shore, James R"]
[Black "Catalano, Enzo"]
[Result "1-0"]
[WhiteElo "1680"]
[BlackElo "1551"]
[PlyCount "67"]
[EventDate "2014.04.17"]
[EventType "swiss"]
[EventRounds "7"]
[EventCountry "ENG"]
[SourceTitle "EXT 2015"]
[Source "ChessBase"]
[SourceDate "2014.11.20"]
[SourceVersion "1"]
[SourceVersionDate "2014.11.20"]
[SourceQuality "1"]

1. g4 d5 2. Bg2 Bxg4 3. c4 Nf6 4. cxd5 c6 5. Qb3 Qc7 6. Nc3 e5 7. d3 Nbd7 8. dxc6 bxc6 9. Qa4 Rc8 10. Be3 Nb6 11. Qa5 Bd6 12. Rc1 0-0 13. Nb5 Nc4 14. Qxc7 Bxc7 15. Bc5 cxb5 16. Bxf8 Kxf8 17. dxc4 Ba5+ 18. Kf1 bxc4 19. Bh3 Bxh3+ 20. Nxh3 Ne4 21. f3 Nd2+ 22. Kg2 Rc6 23. Rhd1 Ke7 24. Rc2 c3 25. Nf2 Nc4 26. Ng4 h5 27. Nxe5 Nxe5 28. bxc3 Nc4 29. Rd3 Rg6+ 30. Kh3 Bb6 31. Rc1 Ne3 32. c4 Rg2 33. c5 Bc7 34. Rxe3+ 1-0